Statistiques concernant Ultimate Pochettes d'album

Cliquez ici pour prendre le quiz!

Statistiques générales

  • Ce quiz a été pris 75 fois
    (66 depuis la dernière actualisation)
  • Le résultat moyen est 20 sur 48

Statistiques - réponses

Réponse% Correct
Nirvana (Nevermind)
92%
Stromae (Racine carrée)
85%
Adele (21)
81%
Angèle (Brol)
81%
Michael Jackson (Thriller)
81%
Daft Punk (Random Access Memories)
79%
The Weeknd
79%
Les Beatles (Abbey Road)
74%
The Weeknd (After Hours)
74%
JUL (La machine)
70%
Ariana Grande (Thank U, Next)
68%
PNL (Dans la Légende)
68%
Grand Corps Malade (Mesdames)
64%
David Bowie (Aladdin sane)
62%
Orelsan (Le Chant des Sirènes)
62%
Ed Sheeran (Multiply)
60%
Pink Floyd (Dark Side of the moon)
60%
Billie Eilish
57%
Taylor Swift (1989)
57%
Elvis Presley
55%
Bruno Mars
53%
Gorillaz (Demon Days)
45%
Kanye West (Graduation)
42%
Led Zeppelin
34%
Green Day (American Idiot)
32%
IAM (L'école du micro d'argent)
32%
Twenty One Pilots (Blurryface)
32%
Prince (Purple Rain)
30%
Avicii
28%
Kendrick Lamar (To Pimp a Butterfly )
28%
Radiohead (Ok Computer)
28%
Childish Gambino ("Awaken, My Love!")
26%
Guns N' Roses (Welcome to the Jungle)
26%
The Beach Boys (Surfer Girl)
25%
Beyoncé (Lemonade)
21%
Coldplay (Parachutes)
19%
Fleetwood Mac (Rumors)
19%
The Velvet Underground and Nico
19%
Bruce Springsteen (Born in the USA)
17%
The Notorious Big (Ready to die)
17%
The Rolling Stones (Sticky Fingers)
15%
Joy Division (Unknown Pleasures)
11%
The Clash (London Calling)
11%
Blink 182 (Enema of the state)
9%
Patti Smith (Horses)
8%
Phil Collins
6%
King Crimson ( In the Court of the Crimson King)
4%
No doubt
2%

Distribution des résultats

Percentile par nombre de réponses

% des personnes avec chaque résultat

Votre développement - résultats

Vous n’avez pas pris ce quiz depuis la dernière actualisation